| 000 | 01380nam a2200361 a 4500 | ||
|---|---|---|---|
| 001 | ebr10171705 | ||
| 003 | CaPaEBR | ||
| 006 | m u | ||
| 007 | cr cn||||||||| | ||
| 008 | 081016s2005 ne a s 000 0 eng d | ||
| 010 | _z 00023040 | ||
| 020 | _z9789004144897 | ||
| 020 | _z9004140077 (v. 2 : alk. paper) | ||
| 020 | _z9004144897 (pt. 2) | ||
| 040 |
_aCaPaEBR _cCaPaEBR |
||
| 035 | _a(OCoLC)568020255 | ||
| 050 | 1 | 4 |
_aTH16 _b.W75 2005eb |
| 100 | 1 |
_aWright, G. R. H. _q(George R. H.), _d1924- |
|
| 245 | 1 | 0 |
_aMaterials. _nPt. 2, _pIllustrations _h[electronic resource] / _cby G.R.H. Wright. |
| 260 |
_aLeiden : _bBrill, _c2005. |
||
| 300 |
_axxiv, [164] p. : _bill. |
||
| 490 | 1 |
_aTechnology and change in history, _x1385-920X ; _vv. 7/2 |
|
| 490 | 0 |
_aAncient building technology ; _vv. 2 |
|
| 533 |
_aElectronic reproduction. _bPalo Alto, Calif. : _cebrary, _d2013. _nAvailable via World Wide Web. _nAccess may be limited to ebrary affiliated libraries. |
||
| 650 | 0 |
_aBuilding _xHistory. |
|
| 650 | 0 | _aArchitecture, Ancient. | |
| 650 | 0 | _aScience, Ancient. | |
| 650 | 0 | _aHistory, Ancient. | |
| 655 | 7 |
_aElectronic books. _2local |
|
| 710 | 2 | _aebrary, Inc. | |
| 830 | 0 |
_aTechnology and change in history ; _vv. 7/2. |
|
| 856 | 4 | 0 |
_uhttp://site.ebrary.com/lib/rucke/Doc?id=10171705 _zAn electronic book accessible through the World Wide Web; click to view |
| 999 |
_c139128 _d139128 |
||